|
|
|
|
| LEADER |
01088nam a22002657a 4500 |
| 001 |
34889 |
| 003 |
BD-DhAAL |
| 005 |
20190724113806.0 |
| 008 |
190724r20081998bg ||||| |||| 00| p ben d |
| 999 |
|
|
|c 41003
|d 41003
|
| 020 |
|
|
|a 984415068-X
|
| 040 |
|
|
|a BD-DhAAL
|
| 041 |
|
|
|a BEN
|
| 082 |
|
|
|a 891.441
|
| 100 |
|
|
|a রিটন, লুৎফর রহমান
|9 33083
|
| 245 |
|
|
|a ছড়াসমস্ত /
|c লুৎফর রহমান রিটন
|
| 246 |
|
|
|a Chorashomosto
|
| 260 |
|
|
|a ঢাকা :
|b অবসর প্রকাশনা সংস্থা,
|c ১৯৯৮ [পুনমুর্দ্রণ ২০০৮]
|
| 300 |
|
|
|a ২৮০ পৃষ্ঠা :
|b চিএ ;
|c ২২ সে.মি.
|
| 526 |
|
|
|a Residential Campus
|
| 541 |
|
|
|a Development Book Agency
|e 34889
|
| 650 |
|
|
|a Bengali poetry
|9 33084
|
| 852 |
|
|
|a Savar Campus Library
|c General Stacks
|
| 942 |
|
|
|2 ddc
|c BK
|
| 952 |
|
|
|0 0
|1 0
|2 ddc
|4 0
|6 891_441000000000000_RIT
|7 0
|9 65734
|a SCL
|b SCL
|c GEN
|d 2019-07-17
|e Development Book Agency
|g 264.00
|l 0
|o 891.441 RIT
|p 3020034889
|r 2019-07-17
|t 1
|v 264.00
|w 2019-07-17
|y BK
|